000
00295nam a22001337a 4500
008
181024b xxu||||| |||| 00| 0 eng d
020
_a
9780803955400
041
_a
eng
080
_a
510
100
_a
37
101
_a
MAT
245
_a
Qulitative Data Aanlysis
_c
Miles.M.B
942
_2
udc
_c
BK
999
_c
50775
_d
50775